|
|
|
|
| LEADER |
00000nam a22000007a 4500 |
| 005 |
20220720225215.0 |
| 007 |
cr|||| |||| |
| 008 |
220720s2019 br |||||s|||| 00||0 por d |
| 020 |
|
|
|a 978-85-93741-53-1
|
| 035 |
|
|
|a 36774
|
| 040 |
|
|
|a vLex
|
| 090 |
|
|
|c 13640
|d 13640
|
| 100 |
1 |
|
|a Rezende Oliveira, Rafael Carvalho
|
| 245 |
1 |
0 |
|a Direito, Polt̕ica e Economia
|h [Recurso electrn̤ico] /
|c Rafael Carvalho Rezende Oliveira, Leonardo Rabelo de Matos Silva
|
| 256 |
|
|
|a Servicio en ln̕ea
|
| 260 |
|
|
|a Rio de Janeiro:
|b Editora Processo,
|c 2019
|
| 300 |
|
|
|a 1 recurso electrn̤ico
|
| 500 |
|
|
|a O livro Direito, Polt̕ica e Economia representa o resultado das pesquisas implementadas pelos alunos do mestrado e do doutorado do PPGD da Universidade Veiga de Almeida (UVA) na disciplina ministrada pelos professores Rafael Carvalho Rezende Oliveira e Leonardo Rabelo de Matos Silva. Os trabalhos possuem como fio condutor a interconexô entre o Direito, a Polt̕ica e a Economia, com a exploraȯ̂ de temas atuais e interdisciplinares. Esperamos, portanto, contribuir para os debates e reflexe̳s sobre as influn̊cias recp̕rocas entre o Direito, a Polt̕ica e a Economia no Estado contemporńeo.
|
| 506 |
1 |
|
|a Disponible solo en los productos indicados
|d vLex Global
|d vLex Global (Academic Edition, excluding Law Schools)
|d vLex Global (U.S. Academic Edition, Law Schools)
|d vLex Global (U.S. Academic Edition, excluding Law Schools)
|d vLex Global (Academic Edition, Law Schools)
|
| 650 |
0 |
4 |
|a Economa̕ y negocios
|z Brasil
|
| 650 |
0 |
4 |
|a Ciencia polt̕ica
|z Brasil
|
| 700 |
1 |
|
|a Rabelo de Matos Silva, Leonardo
|
| 740 |
0 |
|
|a vLex Libros (Servicio en ln̕ea)
|
| 856 |
4 |
0 |
|u https://app.vlex.com/#/sources/36774
|z Acceso restringido
|
| 942 |
|
|
|c BOOK
|
| 999 |
0 |
|
|a Economy and business
|
| 999 |
0 |
|
|a Political Science
|